Welcome to CU Library Online Public Access Catalogue (OPAC)

Red ribbons are not enough : (Record no. 3635)

MARC details
000 -LEADER
fixed length control field 00646cam a22001934a 4500
001 - CONTROL NUMBER
control field 118491
005 - DATE AND TIME OF LATEST TRANSACTION
control field 20250208090809.0
008 - FIXED-LENGTH DATA ELEMENTS--GENERAL INFORMATION
fixed length control field 971020s1998 oru 000 0 eng
020 ## - INTERNATIONAL STANDARD BOOK NUMBER
International Standard Book Number 9781885221803
050 00 - LIBRARY OF CONGRESS CALL NUMBER
Classification number RC606.54
Item number .D74 1998
100 1# - MAIN ENTRY--PERSONAL NAME
Personal name Drench, Meredith E.
245 10 - TITLE STATEMENT
Title Red ribbons are not enough :
Remainder of title health caregivers' stories about AIDS /
Statement of responsibility, etc. Meredith E. Drench.
260 ## - PUBLICATION, DISTRIBUTION, ETC.
Place of publication, distribution, etc. Wilsonville, OR :
Name of publisher, distributor, etc. Book Partners,
Date of publication, distribution, etc. c1998.
300 ## - PHYSICAL DESCRIPTION
Extent v, 214 p. ;
Dimensions 23 cm.
650 #0 - SUBJECT ADDED ENTRY--TOPICAL TERM
Topical term or geographic name entry element AIDS (Disease)
General subdivision Patients
-- Care.
650 #0 - SUBJECT ADDED ENTRY--TOPICAL TERM
Topical term or geographic name entry element AIDS (Disease)
General subdivision Patients
Form subdivision Biography.
650 #0 - SUBJECT ADDED ENTRY--TOPICAL TERM
Topical term or geographic name entry element Medical personnel
Geographic subdivision United States
Form subdivision Biography.
942 ## - ADDED ENTRY ELEMENTS (KOHA)
Source of classification or shelving scheme Library of Congress Classification
Koha item type Books
Suppress in OPAC No
999 ## -
-- 3635
-- 3635
Holdings
Withdrawn status Lost status Source of classification or shelving scheme Damaged status Not for loan Collection Home library Current library Shelving location Date acquired Total checkouts Full call number Barcode Date last seen Copy number Price effective from Koha item type
    Library of Congress Classification     Non-fiction Science Library (Miotso) Science Library (Miotso) General stacks 02/08/2025   RC606.54 .D74 DRE SLM00003156 02/08/2025 1 02/08/2025 Books
© 2023-2024 Copyright: Central University Libraries. All Rights Reserved | Created by: Mahone Tech Office